| 000 | 00967nam a2200301ui 4500 | ||
|---|---|---|---|
| 999 |
_c200431236 _d49448 |
||
| 001 | 200431236 | ||
| 003 | TR-AnTOB | ||
| 005 | 20220314172338.0 | ||
| 007 | ta | ||
| 008 | 181021s1967 tu a|||e |||| 000 0 tur d | ||
| 040 |
_aTR-AnTOB _beng _erda _cTR-AnTOB _dTR-AnTOB |
||
| 041 | 0 | _atur | |
| 050 | 4 |
_aHG1206.5 _b.B46 1967 |
|
| 090 |
_aHG1206.5 _b.B46 1967 |
||
| 100 | 1 |
_aBener, Erhan, _d1928-2007 _4author _968404 |
|
| 245 | 1 | 0 |
_aTürkiyede Para ve Kambiyo Denetimi / _cErhan Bener. |
| 264 |
_aAnkara: _bAjans-Türk Matbaacılık Sanayi, _c1967. |
||
| 300 |
_a395 pages : _billustrations ; _c24 cm |
||
| 336 |
_atext _btxt _2rdacontent |
||
| 337 |
_aunmediated _bn _2rdamedia |
||
| 338 |
_avolume _bnc _2rdacarrier |
||
| 500 | _aIncludes bibliographical references pages (391-395) | ||
| 650 | 7 |
_aPara politikası _zTürkiye _2etuturkob _972803 |
|
| 650 | 7 |
_aKambiyo _zTürkiye _2etuturkob _920430 |
|
| 942 |
_2lcc _cBK |
||